| 000 | 00628nam a2200205 a 4500 | ||
|---|---|---|---|
| 001 | 4005 | ||
| 005 | 20140414132034.0 | ||
| 008 | 040603s19uu xx 00 eng d | ||
| 020 | _a0-689-71738-5 | ||
| 050 |
_aTR _bR22 1993 |
||
| 100 | _aRylant, Cynthia | ||
| 245 |
_aThe relatives came / _cstory by Cynthia Rylant ; illustrated by Stephen Gammell. |
||
| 260 |
_aNew York : _bAladdin Books, _c1993. |
||
| 300 | _a1 v. (unp.) : ill. ; cm. | ||
| 500 | _aTR | ||
| 520 | _aThe relatives come to visit from Virginia and everyone has a wonderful time. | ||
| 650 |
_aFamily life _xFiction. |
||
| 999 |
_c113684 _d113684 |
||